1799 1341 1111 1802 1513 1138 1329 1396 1562 1934 1946 1575 1497 1148 1260 1815 1263 1795 1486 1163 1445 1456 1939 1371 1115 1895 1689 1426 1521 1580 1980 1840 1551 1618 1230 1035 1082 1449 1343 1522 1125 1519 1887 2000 1520 1188 1976 1743 1662 1563 1142 1568 1089 1246 1838 1891 1186 1777 1355 1481 1356 1375 1697 1858 1479 1251 1018 1847 1836 1540 1863 1636 1840 1122 1189 1069 1271 1878 1563 1328 1155 1663 1399 1282 1603 1909 1251 1515 1958 1285 1239 1693 1799 1479 1305 1403 1387 1635 1576 BCNSPRNW ULIB Ver.6.0+V

เปลี่ยนเป็นภาษาไทย

Change to English
 แสดงรายละเอียดบรรณานุกรม
  กลับหน้าหลัก

Brief Record : Get Marc (ISO 2709) : E-mail record : QR code < ปิดหน้าต่าง
LEADER : 00000nam 2200000uu 4500
001    13399115114
003     ULIB
008    120710s2549||||th 000 0 tha d
020    ^a9789749869642
050 04 ^aAG196^bน625W 2549
100 0  ^aนิภาพัชร์ ปิ่นสุวรรณ
245 10 ^aWhen? รู้รอบเหตุการณ์สำคัญของโลก /^cนิภาพัชร์ ปิ่นสุวรรณ
250    ^aพิมพ์ครั้งที่ 1
260    ^aกรุงเทพฯ :^bอักษรเจริญทัศน์,^c2549
300    ^a191 หน้า :^bภาพประกอบ
440  0 ^aหนังสือเสริมการเรียนรู้ ชุด สรรพ์สาระของโลก
650  7 ^aเหตุการณ์ของโลก
650  7 ^aประวัติศาสตร์โลก
945    ^p0^l0^i24861
995    ^aกัณชพร
999    ^aใช้งานได้ทุกระบบ
รายการนี้ยังไม่มีแท็ก
คุณยังไม่ได้ล็อกอิน คุณสามารถมีกิจกรรมร่วมกับเว็บไซต์ได้ แต่ต้องล็อกอินก่อน ::
  ล็อกอิน

รายการสื่อสารสนเทศ

ลำดับที่ ประเภท เลขเรียก/บาร์โค้ด สถานที่ สถานะ
- ไม่พบข้อมูล -

รายการใกล้เคียง
    ผู้แต่ง [นิภาพัชร์ ปิ่นสุวรรณ]

    หัวเรื่อง [เหตุการณ์ของโลก]
    หัวเรื่อง [ประวัติศาสตร์โลก]

BibComment


ยังไม่เคยถูกคอมเมนท์

คอมเมนท์ทรัพยากรรายการนี้
  คอมเมนท์: When รู้รอบเหตุก..

สมาชิกที่บันทึกรายการนี้ไว้ในรายการโปรด
จิรวรรณ พวงสมบัติ

 Copyright 2026. Bcnsprnw @Library